000 00506nam a2200169Ia 4500
003 IN-BaIIA
008 211028s9999 xx 000 0 eng d
020 _a0-07-085740-7
040 _cIIA Library
080 _a517.95
_bSNE
100 _aSneddon, Ian N
_92807
245 0 _aElements of ptial differential equations
_cIan N Sneddon
260 _aTokyo
_bMcGraw-Hill
_c1957
300 _aix, 327p.
650 _aptial differential equations
_911699
942 _cBK
999 _c7189
_d7189